Normal view
MARC view
Entry Personal Name
001 - CONTROL NUMBER
- control field: 37013
003 - CONTROL NUMBER IDENTIFIER
- control field: ARRUPE
005 - DATE AND TIME OF LATEST TRANSACTION
- control field: 20171011102343.0
008 - FIXED-LENGTH DATA ELEMENTS
- fixed length control field: 171011|| aca||aabn | a|a d
040 ## - CATALOGING SOURCE
- Original cataloging agency: ARRUPE
- Transcribing agency: ARRUPE
100 ## - HEADING--PERSONAL NAME
- Personal name: Hill, Jonathan
670 ## - SOURCE DATA FOUND
- Source citation: Work cat.: (ARRUPE): Hill, Jonathan, Then history of christian thought, 2004